La campaña del desierto y la tecnificación ganadera (Record no. 440)

MARC details
000 -LEADER
campo de control de longitud fija 01204nmc a2200373 a 4500
003 - IDENTIFICADOR DE NÚMERO DE CONTROL
campo de control AR-BaBNM
005 - FECHA Y HORA DE LA ÚLTIMA TRANSACCIÓN
campo de control 20251128202747.0
008 - DATOS DE LONGITUD FIJA--INFORMACIÓN GENERAL
campo de control de longitud fija 087019s1981 ||||||||||||||000 | spa||
040 ## - FUENTE DE CATALOGACIÓN
Centro/agencia transcriptor AR-BaBNM
245 10 - MENCIÓN DEL TÍTULO
Título La campaña del desierto y la tecnificación ganadera
250 ## - MENCION DE EDICION
Mención de edición 1ª ed.
260 ## - PUBLICACIÓN, DISTRIBUCIÓN, ETC.
Lugar de publicación, distribución, etc. Buenos Aires
Nombre del editor, distribuidor, etc. Eudeba
Fecha de publicación, distribución, etc. 1981
300 0# - DESCRIPCIÓN FÍSICA
Extensión 266 p.
Otros detalles físicos tablas, mapas, gráfs.
490 #0 - MENCIÓN DE SERIE
Mención de serie Lucha de fronteras con el indio
500 0# - NOTA GENERAL
Nota general Contiene anexos y referencias bibliográficos
500 0# - NOTA GENERAL
Nota general Mereció el Primer Premio del "Concurso homenaje al Centenario de la Campaña del Desierto" organizado por la Secretaria de Estado de Ciencia y tecnología 1979
650 #4 - PUNTO DE ACCESO ADICIONAL DE MATERIA--TÉRMINO DE MATERIA
Término de materia o nombre geográfico como elemento de entrada HISTORIA ARGENTINA
650 #4 - PUNTO DE ACCESO ADICIONAL DE MATERIA--TÉRMINO DE MATERIA
Término de materia o nombre geográfico como elemento de entrada ABORIGENES ARGENTINOS
650 #4 - PUNTO DE ACCESO ADICIONAL DE MATERIA--TÉRMINO DE MATERIA
Término de materia o nombre geográfico como elemento de entrada HISTORIA GANADERA
650 #4 - PUNTO DE ACCESO ADICIONAL DE MATERIA--TÉRMINO DE MATERIA
Término de materia o nombre geográfico como elemento de entrada ZOOTECNIA
650 #4 - PUNTO DE ACCESO ADICIONAL DE MATERIA--TÉRMINO DE MATERIA
Término de materia o nombre geográfico como elemento de entrada CRIA DEL GANADO
650 #4 - PUNTO DE ACCESO ADICIONAL DE MATERIA--TÉRMINO DE MATERIA
Término de materia o nombre geográfico como elemento de entrada HISTORIA ECONOMICA
650 #4 - PUNTO DE ACCESO ADICIONAL DE MATERIA--TÉRMINO DE MATERIA
Término de materia o nombre geográfico como elemento de entrada ZANJA DE ALSINA
650 #4 - PUNTO DE ACCESO ADICIONAL DE MATERIA--TÉRMINO DE MATERIA
Término de materia o nombre geográfico como elemento de entrada CONQUISTA DEL DESIERTO
651 #4 - PUNTO DE ACCESO ADICIONAL DE MATERIA--NOMBRE GEOGRÁFICO
Nombre geográfico Argentina
700 1# - ENTRADA AGREGADA--NOMBRE PERSONAL
Nombre de persona Vedoya, Juan Carlos
700 1# - ENTRADA AGREGADA--NOMBRE PERSONAL
Nombre de persona Cagliolo, Zulema G. de
700 1# - ENTRADA AGREGADA--NOMBRE PERSONAL
Nombre de persona Luchessi, Enrique
700 1# - ENTRADA AGREGADA--NOMBRE PERSONAL
Nombre de persona Luchessi, Cristina W. de
700 1# - ENTRADA AGREGADA--NOMBRE PERSONAL
Nombre de persona Mauco, Ana M.
700 1# - ENTRADA AGREGADA--NOMBRE PERSONAL
Nombre de persona Pérez, Daniel E.
942 ## - ELEMENTOS DE ENTRADA SECUNDARIOS (KOHA)
Tipo de ítem Koha Libros
998 ## - INFORMACIÓN DE CONTROL LOCAL (RLIN)
Iniciales del catalogador, CIN (RLIN) mariana
Holdings
Estatus retirado Estado de pérdida Fuente de la clasificación o esquema de estantería Estado de daño No para préstamo Biblioteca de origen Biblioteca actual Fecha de adquisición Total de préstamos Signatura topográfica completa Código de barras Visto por última vez Precio de reemplazo Tipo de ítem Koha
    Clasificación Decimal Dewey     Liberty Liberty 28/11/2025   982.06 VED 057616 28/11/2025 28/11/2025 Libros
    Clasificación Decimal Dewey     Liberty Liberty 28/11/2025   982.06 VED 057621 28/11/2025 28/11/2025 Libros